Quizzes
Events
Quiz Creation
Community
Videos
Private Events
Remove Ads
Sign In
Join for FREE
Feedback
Dark Mode
Quiz Categories
Sports
Geography
Music
Movies
Television
Just For Fun
Miscellaneous
History
Literature
Language
Science
Gaming
Entertainment
Religion
Holiday
For Kids
Quiz Lab
Recent
Popular Today
Quiz Kudos Today
Editor Picks
Curator Picks
Quizzes by...
Day
Popularity
Type
Ratings
Length
Year
Community
Subscriptions
Recent Discussions
Orange Saloon
Badges
Playlists
Quests
Create
Leaderboards
Showdown
Live 5
Trivia Bingo
Activity
Puzzle Library
Sporcle Events
Private Events
Virtual Trivia
Globe League
Become a Host
Pub Owners
SporcleCon
Opinionation
Our Games
Videos
Blog
Mobile Apps
Partnerships
Remove Ads and Go Orange
Feedback
Music
Pop Music
The Beatles
Song
Album
Lyrics
Bands
Singers
Artist
Clip
Rock
Rap
Classical
Billboard
Country Music
Kpop
Taylor Swift
Music
Pop Music
The Beatles
Song
Album
Lyrics
Bands
Singers
Artist
Clip
Rock
Rap
Classical
Billboard
Country Music
Kpop
Taylor Swift
Random Quiz
Search Sporcle
×
Quiz Lab
Quiz Lab
Music
Famous
Type in answers that appear in a list
Type in answers that appear in a list
Classic
Best Score? Go Orange.
Famous artists, less famous albums Stats
Can you name the artists of these albums?
By
ProfessorBeavis
3m
32 Questions
135 Plays
135 Plays
135 Plays
Comments
Comments
Give Quiz Kudos
Give Quiz Kudos
-
- Ratings
hide this ad
More Info
Replay
Link that replays current quiz
Next Quiz
Link to next quiz in quiz playlist
You Got
0%
They Got
Avg Score
23%
Avg Friend Score
Upgrade to see
Score Distribution
Jump to the score distribution portion of the page
Score
0/32
Timer
03:00
0
Plays Today
Album
Artist
% Correct
Bleach
Nirvana
74.8%
Pablo Honey
Radiohead
68.1%
Presence
Led Zeppelin
57%
The Ghost Of Tom Joad
Bruce Springsteen
54.8%
October
U2
47.4%
The Final Cut
Pink Floyd
45.9%
Face Dances
The Who
40.7%
De Stijl
The White Stripes
34.8%
Fables of the Reconstruction
R.E.M.
30.4%
This Note's For You
Neil Young
28.9%
Down In The Groove
Bob Dylan
25.2%
Cut The Crap
The Clash
23.7%
Music & Me
Michael Jackson
20.7%
An American Prayer
The Doors
20%
Wednesday Morning, 3 A.M.
Simon & Garfunkel
19.3%
Victim Of Love
Elton John
17%
Album
Artist
% Correct
Wild Honey
The Beach Boys
16.3%
The Rainbow Children
Prince
15.6%
A.M.
Wilco
15.6%
Seventeen Seconds
The Cure
14.1%
Too Tough to Die
The Ramones
13.3%
The Eternal Idol
Black Sabbath
11.9%
Where I'm Coming From
Stevie Wonder
9.6%
Filles de Kilimanjaro
Miles Davis
9.6%
Heroes Are Hard To Find
Fleetwood Mac
7.4%
Ralf und Florian
Kraftwerk
7.4%
Squeeze
Velvet Underground
5.2%
M.P.G.
Marvin Gaye
4.4%
There's One in Every Crowd
Eric Clapton
3.7%
New Whirl Odor
Public Enemy
3%
Looking for Lucky
Hootie & The Blowfish
0.7%
Blind Before I Stop
Meat Loaf
0.7%
Quiz Playlist
Details
Report
Send in Message
Add To Playlist
More Info:
We all know Pet Sounds, Revolver, and Thriller. How about the less famous albums of very famous artists?
Classic:
Type in answers that appear in a list
Quiz Source
Last Updated: Feb 16, 2017
Quiz Scoreboard
CHALLENGE
Sign Up to Join the Scoreboard
Show All
Scores
Hide
Comments
May contain spoilers
Recently Published
Click the 1999 NBA Draft
by nibperrychub
Sports
2m
Alphabetical 'K' Countries by Flag Minefield
by ylime102
Geography
3m
Pick 6: Fruits
by JohnFran
Miscellaneous
15s
More to Explore
Quiz From the Vault
Featured Blog Post
15 Basketball Trivia Facts You Can Be March Mad About
hide this ad
You Might Also Like...
Tags
Album Quiz
Artist Quiz
Famous Quiz
less
Recorded
Today's Top Quizzes in Music
Browse Music
hide this ad
Today's Top Quizzes in Famous
Browse Famous
Top Contributed Quizzes in Music
1
Taylor Swift All Songs (2024)
2
A Taylor Swift Logic Puzzle
3
KPOP LOGIC QUIZ
4
Taylor Swift Logic Puzzle
5
NCT 2020 Logic Puzzle
6
Guess the Taylor Swift song (Mystery Song)
7
Joni Mitchell—'Car on a Hill' Lyrics
8
Guess The Taylor Swift Lyrics Song #1
9
Lana Del Rey songs - match the song with the album
10
kpop group name match up
Explore More
Trending Topics
Crossword
Disney
Anime
Kpop
Harry Potter
Marvel
NBA
Country
The Office
NFL
Pokémon
Song
WWE
Soccer
Puzzle
hide this ad
More By:
ProfessorBeavis
Quiz
Plays
Rating
Category
Featured
Created
Jazz is not dead
1,086
4.22
Music
Nov 3, 2009
Debut albums
157
5.00
Music
Oct 29, 2009
Famous artists, less famous albums
135
4.17
Music
Jul 21, 2010
Go to Creator's Profile
Score Distribution
Quiz Creator Spotlight
ProfessorBeavis
Follow
Send a Message
Quizzes Created
-
Created Quiz Play Count
-
More By This Creator
Popular Quizzes Today
1
Find the US States - No Outlines Minefield
2
Countries of Asia Without Outlines Minefield
3
Pick 6: Fruits
4
The Countries of the World
5
Alphabetical 'K' Countries by Flag Minefield
6
Click the 1999 NBA Draft
7
Find the US States
8
Match the Book to the Film X
More Music Quizzes
One Thing in Common: Music V
Quiz Lab
Trending Quizzes
Pick 6: Harry Potter
Pick 6: Mountains
Pick 6: NFL Teams
Pick 6: Movie Franchises
Pick 6: Golfers
Recently Updated
Women's Final Four Teams by Year
bhenderson79
Presidents Quartet II
eogle
Anything But Clue(do)
eogle
Anything But Oceanian Capitals
eogle
Anything But 7
eogle
Anything But Thing
eogle
Word Ladder: February 29
pecheneg
Song Title Questions
pecheneg
Women's NCAA Tournament #1 Seeds
pecheneg
Celebrity Mug Shots
pecheneg
Trending Topics
Anime
Kpop
Disney
Crossword
Harry Potter
NBA
Marvel
Puzzle
WWE
Soccer
Song
NFL
Pokémon
The Office
Country
Your Account Isn't Verified!
In order to create a playlist on Sporcle, you need to verify the email address you used during registration. Go to your
Sporcle Settings
to finish the process.
Report this User
Report this user for behavior that violates our
Community Guidelines
.
Details:
Send Report
Go to the Sporcle.com Mobile Site →
Comments